Proceedings of the Conference on Applications of Geology and the National Development : 19-22 November 1984, Bangkok, Thailand

সংরক্ষণ করুন:
গ্রন্থ-পঞ্জীর বিবরন
বিন্যাস: গ্রন্থ
ভাষা:Undetermined
প্রকাশিত: [Bangkok] Dept. of Geology, Chulalongkorn University 1984
বিষয়গুলি:
ট্যাগগুলো: ট্যাগ যুক্ত করুন
কোনো ট্যাগ নেই, প্রথমজন হিসাবে ট্যাগ করুন!
Thư viện lưu trữ: Trung tâm Học liệu Trường Đại học Cần Thơ
LEADER 00788nam a2200181Ia 4500
001 CTU_142077
008 210402s9999 xx 000 0 und d
082 |a 555.93 
082 |b C748 
245 0 |a Proceedings of the Conference on Applications of Geology and the National Development : 
245 0 |b 19-22 November 1984, Bangkok, Thailand 
245 0 |c organized by Department of Geology, Chulalongkorn University, Department of Mineral Resources, Geological Society of Thailand ; [edited by Narong Thiramongkol, Somchai Nakapadungrat, Visut Pisutha-Arnond]. 
260 |a [Bangkok] 
260 |b Dept. of Geology, Chulalongkorn University 
260 |c 1984 
650 |a Geology,Địa chất học 
904 |i Tuyến 
980 |a Trung tâm Học liệu Trường Đại học Cần Thơ